[Event "7MCRV_F"]
[Site "?"]
[Date "2007.??.??"]
[Round "?"]
[White "Jandovsky, Viktor"]
[Black "Kuta, Jiri"]
[Result "1/2-1/2"]
[WhiteElo "2275"]
[BlackElo "2328"]
[PlyCount "64"]
[EventDate "2007.??.??"]
[EventType "corr"]
[SourceDate "2007.09.24"]

1. e4 e5 2. Nf3 Nc6 3. Bb5 a6 4. Ba4 Nf6 5. O-O Be7 6. Re1 b5 7. Bb3 O-O 8. c3
d6 9. h3 Nb8 10. d4 Nbd7 11. Nbd2 Bb7 12. Bc2 Re8 13. Nf1 Bf8 14. Ng3 g6 15. a4
c5 16. d5 c4 17. Bg5 Qc7 18. Qd2 Kh8 19. Ra3 Be7 20. Rea1 Nc5 21. Qe3 Reb8 22.
Nd2 Qd8 23. f4 Nfd7 24. Bxe7 Qxe7 25. f5 Kg7 26. Rf1 Qh4 27. Raa1 Rf8 28. Nb1
Rab8 29. Rf3 Nf6 30. fxg6 fxg6 31. Na3 Ba8 32. Raf1 Nfd7 1/2-1/2

[Event "7MCRV_F"]
[Site "?"]
[Date "2007.??.??"]
[Round "?"]
[White "Jandovsky, Viktor"]
[Black "Nejtek, Jiri"]
[Result "1/2-1/2"]
[WhiteElo "2280"]
[BlackElo "2375"]
[PlyCount "69"]
[EventDate "2007.??.??"]
[EventType "corr"]
[SourceDate "2007.09.24"]

1. e4 e5 2. Nf3 Nc6 3. Bb5 a6 4. Ba4 Nf6 5. O-O b5 6. Bb3 Bc5 7. c3 d6 8. a4
Rb8 9. d4 Bb6 10. axb5 axb5 11. Na3 O-O 12. Nxb5 Bg4 13. Bc2 Bxf3 14. gxf3 Nh5
15. dxe5 Qh4 16. exd6 Ne5 17. Kg2 cxd6 18. Nd4 Bxd4 19. cxd4 Ng6 20. Kh1 Nhf4
21. Be3 Rb5 22. d5 Rxb2 23. Rg1 h5 24. Ra6 Ne5 25. Bd4 Nh3 26. Rg2 Rc8 27. Bxb2
Nxf2+ 28. Rxf2 Qxf2 29. Bd4 Qxc2 30. Qxc2 Rxc2 31. Bxe5 dxe5 32. Ra8+ Kh7 33.
d6 Rd2 34. Ra5 Rxd6 35. Rxe5 1/2-1/2

[Event "7MCRV_F"]
[Site "?"]
[Date "2007.??.??"]
[Round "?"]
[White "Jandovsky, Viktor"]
[Black "Pecka, Josef"]
[Result "1/2-1/2"]
[WhiteElo "2275"]
[BlackElo "2292"]
[PlyCount "96"]
[EventDate "2007.??.??"]
[EventType "corr"]
[SourceDate "2007.09.24"]

1. e4 c5 2. Nf3 d6 3. d4 cxd4 4. Nxd4 Nf6 5. Nc3 e5 6. Bb5+ Nbd7 7. Nf5 a6 8.
Bxd7+ Qxd7 9. Bg5 Nxe4 10. Nxg7+ Bxg7 11. Nxe4 O-O 12. Qxd6 f6 13. Be3 Qg4 14.
Ng3 Be6 15. O-O Rae8 16. Qb6 f5 17. f3 Qg6 18. Bc5 Rf7 19. Rad1 Bf6 20. Bb4 Bc4
21. Rf2 Bh4 22. Rd6 Qg5 23. Bd2 f4 24. Ne4 Bxf2+ 25. Qxf2 Qg7 26. Qh4 Be6 27.
Bb4 h6 28. Qh5 Rfe7 29. Rb6 Bf7 30. Qh4 Re6 31. Rxb7 Rc8 32. c3 Qg6 33. Ra7 Rb8
34. b3 Be8 35. Be7 Bc6 36. Bf6 Rb7 37. Ra8+ Be8 38. Qe1 Rf7 39. Bh4 Kh7 40. c4
Bd7 41. Qe2 Qh5 42. Qd3 Kg7 43. Be1 Rg6 44. Rb8 Qh3 45. Ng3 Qe6 46. Ne4 Qh3 47.
Ng3 Qe6 48. Ne4 Qh3 1/2-1/2

[Event "7MCRV_F"]
[Site "?"]
[Date "2007.??.??"]
[Round "?"]
[White "Jandovsky, Viktor"]
[Black "Priesol, Daniel"]
[Result "1-0"]
[WhiteElo "2275"]
[BlackElo "2288"]
[PlyCount "79"]
[EventDate "2007.??.??"]
[EventType "corr"]
[SourceDate "2007.09.24"]

1. e4 e5 2. Nf3 Nf6 3. Nxe5 d6 4. Nf3 Nxe4 5. d4 d5 6. Bd3 Be7 7. O-O Nc6 8. c4
Nf6 9. cxd5 Nxd5 10. Nc3 Be6 11. Re1 O-O 12. a3 Bf6 13. Be4 h6 14. h3 Qd7 15.
Ne5 Bxe5 16. dxe5 Nxc3 17. Qxd7 Bxd7 18. bxc3 Rad8 19. Bf4 Rfe8 20. Rad1 a6 21.
Bg3 Bc8 22. Rxd8 Nxd8 23. f4 g6 24. Bf2 Ne6 25. Be3 Rd8 26. Kf2 Ng7 27. g4 Kf8
28. Kg3 b5 29. Rf1 Kg8 30. Ra1 h5 31. a4 hxg4 32. hxg4 bxa4 33. Rxa4 Kf8 34.
Rc4 Ne8 35. Bc5+ Kg8 36. Rd4 Rxd4 37. cxd4 Bd7 38. d5 a5 39. Kh4 Bb5 40. Kg5
1-0

[Event "7MCRV_F"]
[Site "?"]
[Date "2007.??.??"]
[Round "?"]
[White "Jandovsky, Viktor"]
[Black "Strnad, Jiri"]
[Result "1-0"]
[WhiteElo "2275"]
[BlackElo "2258"]
[PlyCount "80"]
[EventDate "2007.??.??"]
[EventType "corr"]
[SourceDate "2007.09.24"]

1. e4 c5 2. Nf3 d6 3. d4 cxd4 4. Nxd4 Nf6 5. Nc3 g6 6. Be3 Bg7 7. f3 O-O 8. Qd2
Nc6 9. Bc4 Bd7 10. O-O-O Ne5 11. Bb3 Rc8 12. Kb1 a5 13. a4 Nc4 14. Bxc4 Rxc4
15. b3 Rc8 16. g4 Qc7 17. Ncb5 Qd8 18. c4 e5 19. Ne2 Bxb5 20. axb5 d5 21. cxd5
Qd6 22. Rc1 a4 23. Rxc8 Rxc8 24. Rc1 Rxc1+ 25. Nxc1 Ne8 26. b6 Bf8 27. Nd3 axb3
28. Bc5 Qf6 29. Bxf8 Kxf8 30. Qf2 Nd6 31. Kb2 Nc4+ 32. Kxb3 Nxb6 33. Nxe5 Ke8
34. Nd3 Nd7 35. e5 Qa6 36. Qd4 Qb5+ 37. Kc2 g5 38. d6 Qc6+ 39. Qc3 Nb8 40. Kd2
b5 {....cerny PCL na 40 tahu spotreboval164 dnu.} 1-0

[Event "7MCRV_F"]
[Site "?"]
[Date "2007.??.??"]
[Round "?"]
[White "Jandovsky, Viktor"]
[Black "Valak, Alois"]
[Result "1/2-1/2"]
[WhiteElo "2275"]
[BlackElo "2361"]
[PlyCount "67"]
[EventDate "2007.??.??"]
[EventType "corr"]
[SourceDate "2007.09.24"]

1. e4 c5 2. Nf3 d6 3. d4 cxd4 4. Nxd4 Nf6 5. Nc3 Nc6 6. Bg5 e6 7. Qd2 Be7 8.
O-O-O Nxd4 9. Qxd4 O-O 10. f4 Qa5 11. Bc4 h6 12. Bh4 e5 13. fxe5 dxe5 14. Qd3
Bg4 15. Rdf1 Rac8 16. Bxf6 Bxf6 17. Kb1 Qc7 18. Bb3 Bh4 19. g3 Be7 20. h3 Be6
21. Nd5 Qd8 22. Qb5 b6 23. Rd1 Bc5 24. Nf4 Qe8 25. Qxe8 Rcxe8 26. Nxe6 fxe6 27.
Rhf1 Rxf1 28. Rxf1 Kh7 29. Bc4 Kg6 30. c3 Rf8 31. Rxf8 Bxf8 32. b4 Kf7 33. Kc2
Be7 34. Kd3 1/2-1/2

[Event "7MCRV_F"]
[Site "?"]
[Date "2007.??.??"]
[Round "?"]
[White "Jirku, Jaroslav"]
[Black "Brousek, Jiri"]
[Result "1-0"]
[WhiteElo "2299"]
[BlackElo "2308"]
[PlyCount "79"]
[EventDate "2007.??.??"]
[EventType "corr"]
[SourceDate "2007.09.24"]

1. e4 e6 2. d4 d5 3. Nc3 Nf6 4. Bg5 Be7 5. e5 Nfd7 6. Bxe7 Qxe7 7. f4 O-O 8.
Nf3 c5 9. Qd2 Nc6 10. dxc5 Qxc5 11. O-O-O Nb6 12. h4 Bd7 13. h5 Rac8 14. h6 g6
15. a3 Na5 16. Qd4 Qe7 17. Qb4 Rc5 18. Nd4 Rfc8 19. Kb1 Nc6 20. Nxc6 Bxc6 21.
Rh3 Be8 22. Rf3 Qh4 23. f5 Qxh6 24. fxe6 fxe6 25. Bb5 Bd7 26. Bd3 Qg7 27. Rf6
Nc4 28. Bxc4 Rxc4 29. Qxb7 R4c7 30. Qb4 Rc4 31. Qa5 R4c7 32. Rdf1 Rb7 33. R1f4
Rcb8 34. b3 Qe7 35. Ne2 Re8 36. Nd4 Bc8 37. Ka2 Qc7 38. Qe1 a5 39. a4 Qc5 40.
Qe3 1-0

[Event "7MCRV_F"]
[Site "?"]
[Date "2007.??.??"]
[Round "?"]
[White "Jirku, Jaroslav"]
[Black "Jandovsky, Viktor"]
[Result "1/2-1/2"]
[WhiteElo "2299"]
[BlackElo "2275"]
[PlyCount "115"]
[EventDate "2007.??.??"]
[EventType "corr"]
[SourceDate "2007.09.24"]

1. e4 e6 2. d4 d5 3. Nd2 Nf6 4. e5 Nfd7 5. Bd3 c5 6. c3 Nc6 7. Ne2 cxd4 8. cxd4
f6 9. exf6 Nxf6 10. O-O Bd6 11. Nf3 Qc7 12. Bg5 O-O 13. Rc1 h6 14. Bh4 Qb6 15.
Qd2 Ne4 16. Qe3 Qxb2 17. a4 e5 18. Bxe4 dxe4 19. Qxe4 Rf7 20. dxe5 Nxe5 21.
Nfd4 Bd7 22. Rb1 Qa2 23. Bg3 Re8 24. Qxb7 Bf8 25. Ra1 Qd2 26. Rfd1 Qb4 27. Qd5
Qc4 28. Qxc4 Nxc4 29. Rdc1 Nd6 30. Nc3 Nf5 31. Nxf5 Rxf5 32. Rd1 Bc6 33. f3 Bb4
34. Rdc1 Ra5 35. Na2 Bc5+ 36. Bf2 Bxf2+ 37. Kxf2 Rb8 38. Nc3 Rb2+ 39. Kf1 Rb3
40. Ne2 Rxa4 41. Rxa4 Bxa4 42. Ra1 Bb5 43. Rxa7 Bxe2+ 44. Kxe2 Rb2+ 45. Kf1 Kh7
46. Kg1 Kg6 47. h4 h5 48. Ra6+ Kf7 49. Kh2 g6 50. Rc6 Kg7 51. Kh3 Rb3 52. Kg3
Rb2 53. Rc3 Kf6 54. Rc5 Rb3 55. Rc7 Ra3 56. Rc2 Ra4 57. Kh3 Ra3 58. Rc8 1/2-1/2

[Event "7MCRV_F"]
[Site "?"]
[Date "2007.??.??"]
[Round "?"]
[White "Jirku, Jaroslav"]
[Black "Kostal, Jindrich"]
[Result "1/2-1/2"]
[WhiteElo "2299"]
[BlackElo "2338"]
[PlyCount "54"]
[EventDate "2007.??.??"]
[EventType "corr"]
[SourceDate "2007.09.24"]

1. e4 e5 2. Nf3 Nc6 3. Bb5 a6 4. Ba4 Nf6 5. O-O Be7 6. Re1 b5 7. Bb3 O-O 8. c3
d6 9. h3 Nb8 10. d4 Nbd7 11. Nbd2 Bb7 12. Bc2 Re8 13. Nf1 Bf8 14. Ng3 g6 15. a4
c5 16. d5 c4 17. Bg5 h6 18. Be3 Nc5 19. Qd2 Kh7 20. Nh2 Bg7 21. Rf1 h5 22. f3
Nfd7 23. axb5 axb5 24. Rxa8 Bxa8 25. Ra1 Bb7 26. Ne2 Rf8 27. Nf1 Kg8 1/2-1/2

[Event "7MCRV_F"]
[Site "?"]
[Date "2007.??.??"]
[Round "?"]
[White "Jirku, Jaroslav"]
[Black "Pecka, Josef"]
[Result "1/2-1/2"]
[WhiteElo "2299"]
[BlackElo "2292"]
[PlyCount "68"]
[EventDate "2007.??.??"]
[EventType "corr"]
[SourceDate "2007.09.24"]

1. e4 c5 2. Nf3 d6 3. d4 cxd4 4. Nxd4 Nf6 5. Nc3 a6 6. Be3 Ng4 7. Bg5 h6 8. Bh4
g5 9. Bg3 Bg7 10. Qd2 Nc6 11. Nb3 Nge5 12. a4 Ng6 13. f3 Be6 14. Bf2 Bxb3 15.
cxb3 e6 16. Be3 Qa5 17. Rd1 Qb4 18. Bc4 Rd8 19. Na2 Qxd2+ 20. Rxd2 Na5 21. Bb6
Nxc4 22. bxc4 Rc8 23. b3 Ke7 24. O-O Rhf8 25. Rfd1 Be5 26. Nc1 Rc6 27. a5 Bf4
28. Ra2 Ne5 29. Nd3 Nxd3 30. Rxd3 Be5 31. g3 f5 32. exf5 Rxf5 33. Re2 Bg7 34.
h3 Re5 1/2-1/2

[Event "7MCRV_F"]
[Site "?"]
[Date "2007.??.??"]
[Round "?"]
[White "Jirku, Jaroslav"]
[Black "Priesol, Daniel"]
[Result "1-0"]
[WhiteElo "2299"]
[BlackElo "2288"]
[PlyCount "73"]
[EventDate "2007.??.??"]
[EventType "corr"]
[SourceDate "2007.09.24"]

1. e4 e5 2. Nf3 Nf6 3. d4 Nxe4 4. Bd3 d5 5. Nxe5 Nd7 6. Nxd7 Bxd7 7. O-O Qh4 8.
c4 O-O-O 9. c5 g5 10. Nc3 Bg7 11. g3 Qh3 12. Nxe4 dxe4 13. Bxe4 Bb5 14. Bg2 Qf5
15. Be3 Bxf1 16. Bxf1 Rhe8 17. Qa4 Kb8 18. Rd1 c6 19. Rd3 Re7 20. Ra3 a6 21.
Qb4 Kc8 22. Qb6 Rc7 23. Qa7 h6 24. Rb3 Qb1 25. h4 Bf6 26. Rb4 Bg7 27. Bd2 Rxd4
28. Qa8+ Kd7 29. Rxd4+ Bxd4 30. Qf8 Qg6 31. Bf4 Rc8 32. Bh3+ g4 33. Bxg4+ Qxg4
34. Qxf7+ Kd8 35. Qf8+ Kd7 36. Qd6+ Ke8 37. Qxd4 1-0

[Event "7MCRV_F"]
[Site "?"]
[Date "2007.??.??"]
[Round "?"]
[White "Jirku, Jaroslav"]
[Black "Pytlik, Lesek"]
[Result "1-0"]
[WhiteElo "2299"]
[BlackElo "2383"]
[PlyCount "91"]
[EventDate "2007.??.??"]
[EventType "corr"]
[SourceDate "2007.09.24"]

1. e4 e6 2. d4 d5 3. Nc3 Bb4 4. e5 c5 5. Bd2 Ne7 6. Nb5 Bxd2+ 7. Qxd2 O-O 8. c3
Nbc6 9. Nf3 a6 10. Na3 f6 11. exf6 Rxf6 12. dxc5 Qa5 13. Nc2 Qxc5 14. Ne3 Ng6
15. O-O-O b5 16. Kb1 Rb8 17. h4 Nge5 18. Nxe5 Nxe5 19. h5 b4 20. cxb4 Qxb4 21.
Qxb4 Rxb4 22. f3 Rf8 23. h6 g6 24. Rc1 Nd7 25. Rc7 a5 26. Ng4 Rb7 27. Rc6 Nb8
28. Rc5 a4 29. Bd3 Kf7 30. Rhc1 Bd7 31. f4 Ke7 32. g3 Kd6 33. Ne5 Ra7 34. R5c3
Rb7 35. R1c2 Ra7 36. b4 axb3 37. Rxb3 Ba4 38. Rb6+ Ke7 39. Re2 Rc8 40. f5 gxf5
41. Bxf5 Ra6 42. Rb7+ Nd7 43. Bxh7 Raa8 44. g4 Rcb8 45. Reb2 Rh8 46. g5 1-0

[Event "7MCRV_F"]
[Site "?"]
[Date "2007.??.??"]
[Round "?"]
[White "Jirku, Jaroslav"]
[Black "Schwarz, Jan"]
[Result "1/2-1/2"]
[WhiteElo "2299"]
[BlackElo "2257"]
[PlyCount "107"]
[EventDate "2007.??.??"]
[EventType "corr"]
[SourceDate "2007.09.24"]

1. e4 c5 2. Nf3 d6 3. d4 cxd4 4. Nxd4 Nf6 5. Nc3 a6 6. Bg5 e6 7. f4 Qb6 8. a3
Nbd7 9. Nb3 h6 10. Bxf6 Nxf6 11. Qf3 Be7 12. O-O-O Bd7 13. Kb1 Bc6 14. Bd3
O-O-O 15. f5 Kb8 16. Qg3 Nh5 17. Qf3 Nf6 18. Rhe1 Qc7 19. Ne2 exf5 20. Qxf5
Rhe8 21. Nc3 Bf8 22. Nd4 Bd7 23. Qf4 Be6 24. Be2 Qa5 25. Bf3 Bd7 26. Rf1 Qe5
27. Be2 Qc5 28. g4 Rc8 29. h4 Qe5 30. g5 hxg5 31. hxg5 Qxf4 32. Rxf4 Rxc3 33.
gxf6 g5 34. bxc3 gxf4 35. Bc4 Bh6 36. Rg1 f3 37. Nxf3 Be6 38. Bd3 Be3 39. Rh1
Rc8 40. Nd4 Bg4 41. Kb2 Bd2 42. c4 Bg5 43. c3 Bxf6 44. Rf1 Be5 45. Rxf7 Rc7 46.
Rf2 Ka7 47. Rg2 Bh3 48. Rf2 Bg4 49. Kb3 Rh7 50. Bf1 Kb6 51. Kc2 Rh1 52. Kd3 Bh5
53. Rf8 Rg1 54. Rf2 1/2-1/2

[Event "7MCRV_F"]
[Site "?"]
[Date "2007.??.??"]
[Round "?"]
[White "Jirku, Jaroslav"]
[Black "Sykora, Josef"]
[Result "1/2-1/2"]
[WhiteElo "2299"]
[BlackElo "2366"]
[PlyCount "134"]
[EventDate "2007.??.??"]
[EventType "corr"]
[SourceDate "2007.09.24"]

1. e4 c5 2. Nf3 d6 3. d4 cxd4 4. Nxd4 Nf6 5. Nc3 a6 6. Be3 Ng4 7. Bg5 h6 8. Bh4
g5 9. Bg3 Bg7 10. Qd2 Nc6 11. Nb3 Nge5 12. a4 Be6 13. Nd5 Rc8 14. Be2 Nd7 15.
c3 Nf6 16. f3 Na5 17. Ra3 Bxd5 18. exd5 Nh5 19. Nxa5 Qxa5 20. b4 Qc7 21. c4 a5
22. bxa5 Nxg3 23. hxg3 Ra8 24. Rb3 Rxa5 25. Rb4 b5 26. Rxb5 Rxa4 27. O-O Qa7+
28. Kh2 O-O 29. Qc2 Ra2 30. Qe4 Qd4 31. Bd3 Qxe4 32. Bxe4 Rc8 33. Rfb1 Be5 34.
Rb8 Rxb8 35. Rxb8+ Kg7 36. Rb7 Kf6 37. Rb8 h5 38. Kh3 Kg7 39. f4 gxf4 40. gxf4
Bxf4 41. Kh4 Rd2 42. Bf3 Rd4 43. Rc8 Be5+ 44. Kh3 Kh6 45. Rf8 Rf4 46. Rc8 f5
47. Rf8 Bf6 48. Rc8 h4 49. Rb8 Rxc4 50. Rb1 Be5 51. Rd1 Kg5 52. Rd3 Bg3 53. Rd1
Rc3 54. Rd2 Re3 55. Rd1 e5 56. dxe6 Rxe6 57. Bd5 Re1 58. Rxe1 Bxe1 59. Kh2 Bf2
60. Bc4 Kf4 61. Bb3 Ke5 62. Bc2 d5 63. Bd3 d4 64. Bc2 Kf4 65. Bb1 Ke3 66. Bxf5
d3 67. Bxd3 Kxd3 1/2-1/2

[Event "7MCRV_F"]
[Site "?"]
[Date "2007.??.??"]
[Round "?"]
[White "Kostal, Jindrich"]
[Black "Cipka, Ivan"]
[Result "1/2-1/2"]
[WhiteElo "2392"]
[BlackElo "2472"]
[PlyCount "54"]
[EventDate "2007.??.??"]
[EventType "corr"]
[SourceDate "2007.09.24"]

1. e4 e5 2. Nf3 Nf6 3. Nxe5 d6 4. Nf3 Nxe4 5. d4 d5 6. Bd3 Bd6 7. O-O O-O 8. c4
c6 9. Re1 Bg4 10. h3 Bxf3 11. Qxf3 f5 12. Nc3 Bb4 13. a3 Ba5 14. b4 Bb6 15. Ne2
Qf6 16. Be3 Nd7 17. cxd5 cxd5 18. Rac1 Rac8 19. Rxc8 Rxc8 20. g4 fxg4 21. Qxg4
Qf7 22. a4 Re8 23. Bb5 Re7 24. a5 h5 25. Qg2 Bc7 26. Rc1 Bd6 27. Bd3 Re6
1/2-1/2

[Event "7MCRV_F"]
[Site "?"]
[Date "2007.??.??"]
[Round "?"]
[White "Kostal, Jindrich"]
[Black "Jandovsky, Viktor"]
[Result "1/2-1/2"]
[WhiteElo "2338"]
[BlackElo "2275"]
[PlyCount "96"]
[EventDate "2007.??.??"]
[EventType "corr"]
[SourceDate "2007.09.24"]

1. e4 e6 2. d4 d5 3. Nd2 Nf6 4. e5 Nfd7 5. Bd3 c5 6. c3 Nc6 7. Ne2 cxd4 8. cxd4
f6 9. exf6 Nxf6 10. Nf3 Bd6 11. O-O Qc7 12. Nc3 a6 13. Be3 O-O 14. Rc1 Bd7 15.
Na4 Rae8 16. Nc5 Bc8 17. Bb1 Qe7 18. Nd3 Ng4 19. Nfe5 Nxe3 20. fxe3 Rxf1+ 21.
Qxf1 Rf8 22. Qe2 Nxe5 23. Nxe5 Qg5 24. Nf3 Qh6 25. Bd3 Bd7 26. Rc2 g6 27. h3
Qg7 28. e4 Bf4 29. e5 Be8 30. Rc3 g5 31. Nh2 h5 32. Qe1 g4 33. hxg4 Qh6 34.
gxh5 Be3+ 35. Kh1 Bf2 36. Qc1 Qxc1+ 37. Rxc1 Bxh5 38. g4 Be8 39. Kg2 Bxd4 40.
Nf3 Bb6 41. Rc3 Bc6 42. Bxa6 Ra8 43. Bd3 Rxa2 44. Rb3 Bc5 45. Ng5 Bd4 46. Bh7+
Kh8 47. Rf3 Rxb2+ 48. Kf1 Bb5+ 1/2-1/2

[Event "7MCRV_F"]
[Site "?"]
[Date "2007.??.??"]
[Round "?"]
[White "Kostal, Jindrich"]
[Black "Kuta, Jiri"]
[Result "1/2-1/2"]
[WhiteElo "2338"]
[BlackElo "2328"]
[PlyCount "41"]
[EventDate "2007.??.??"]
[EventType "corr"]
[SourceDate "2007.09.24"]

1. e4 e5 2. Nf3 Nc6 3. Bb5 a6 4. Ba4 Nf6 5. O-O Be7 6. Re1 b5 7. Bb3 O-O 8. c3
d6 9. h3 Bb7 10. d4 Re8 11. a4 h6 12. Qe2 exd4 13. cxd4 Bf8 14. axb5 axb5 15.
Rxa8 Qxa8 16. Qxb5 Na5 17. Bc2 Bc6 18. Qf5 Bxe4 19. Bxe4 Rxe4 20. Rxe4 Nxe4 21.
Nc3 1/2-1/2

[Event "7MCRV_F"]
[Site "?"]
[Date "2007.??.??"]
[Round "?"]
[White "Kostal, Jindrich"]
[Black "Pecka, Josef"]
[Result "1/2-1/2"]
[WhiteElo "2338"]
[BlackElo "2292"]
[PlyCount "78"]
[EventDate "2007.??.??"]
[EventType "corr"]
[SourceDate "2007.09.24"]

1. e4 c5 2. Nf3 d6 3. d4 cxd4 4. Nxd4 Nf6 5. Nc3 a6 6. Be3 Ng4 7. Bg5 h6 8. Bh4
g5 9. Bg3 Bg7 10. h3 Ne5 11. Qd2 Nec6 12. Nce2 Qb6 13. c3 Nxd4 14. Nxd4 Nc6 15.
Rd1 Nxd4 16. cxd4 f5 17. exf5 Bxf5 18. Be2 O-O 19. b3 Rac8 20. Bc4+ e6 21. O-O
d5 22. Bd3 Rfe8 23. Be5 Bxe5 24. dxe5 Rf8 25. h4 Rc7 26. hxg5 hxg5 27. Qxg5+
Rg7 28. Qh6 Rh7 29. Qd2 Qd8 30. g3 Qe8 31. Qe2 Qf7 32. f4 Qg6 33. Qf3 Bxd3 34.
Qxd3 Qh6 35. Rd2 Qh1+ 36. Kf2 Qh3 37. Qf3 Rc8 38. Rg1 b5 39. a3 Qf5 1/2-1/2

[Event "7MCRV_F"]
[Site "?"]
[Date "2007.??.??"]
[Round "?"]
[White "Kostal, Jindrich"]
[Black "Priesol, Daniel"]
[Result "1-0"]
[WhiteElo "2338"]
[BlackElo "2288"]
[PlyCount "83"]
[EventDate "2007.??.??"]
[EventType "corr"]
[SourceDate "2007.09.24"]

1. e4 e6 2. d4 d5 3. Nd2 c5 4. exd5 Qxd5 5. Ngf3 cxd4 6. Bc4 Qd6 7. O-O Nf6 8.
Nb3 Nc6 9. Nbxd4 Nxd4 10. Nxd4 Bd7 11. Be3 Be7 12. Re1 O-O 13. Qf3 Qc7 14. Bd3
Rfe8 15. Bg5 Nd5 16. Qe4 g6 17. Bxe7 Rxe7 18. Bf1 Ree8 19. Rad1 a6 20. Qh4 Rad8
21. Nf3 Kg7 22. Ne5 f6 23. Nxd7 Rxd7 24. Qa4 Nb6 25. Rxd7+ Qxd7 26. Qb3 Qc6 27.
Rd1 Re7 28. Qb4 Qc7 29. c4 Nc8 30. c5 Na7 31. Rd6 Nc8 32. g4 a5 33. Qa3 b6 34.
g5 fxg5 35. Qc3+ e5 36. Rd5 h6 37. Bh3 Kh7 38. c6 Na7 39. Bd7 h5 40. a4 Kh6 41.
Rd1 Rf7 42. Qb3 1-0

[Event "7MCRV_F"]
[Site "?"]
[Date "2007.??.??"]
[Round "?"]
[White "Kostal, Jindrich"]
[Black "Pytlik, Lesek"]
[Result "1-0"]
[WhiteElo "2338"]
[BlackElo "2383"]
[PlyCount "83"]
[EventDate "2007.??.??"]
[EventType "corr"]
[SourceDate "2007.09.24"]

1. e4 e6 2. d4 d5 3. Nd2 c5 4. exd5 Qxd5 5. Ngf3 cxd4 6. Bc4 Qd6 7. O-O Nf6 8.
Nb3 Nc6 9. Nbxd4 Nxd4 10. Nxd4 a6 11. c3 Qc7 12. Bd3 Bd6 13. h3 b6 14. Bg5 Bb7
15. Re1 h6 16. Nxe6 fxe6 17. Bxf6 gxf6 18. Rxe6+ Kf8 19. Rxf6+ Ke7 20. Qg4 Kxf6
21. Qg6+ Ke7 22. Qg7+ Kd8 23. Qxh8+ Kd7 24. Bf5+ Kc6 25. Qd4 Qe7 26. Qc4+ Bc5
27. b4 b5 28. Qxc5+ Qxc5 29. bxc5 Kxc5 30. Re1 Bd5 31. Re5 Kd6 32. Re2 Ra7 33.
Rd2 Ke5 34. g4 Bf7 35. Rd4 Rc7 36. f4+ Kf6 37. Rd6+ Kg7 38. Rxa6 Rxc3 39. Kg2
b4 40. Be6 Bxe6 41. Rxe6 h5 42. Rb6 1-0

[Event "7MCRV_F"]
[Site "?"]
[Date "2007.??.??"]
[Round "?"]
[White "Kostal, Jindrich"]
[Black "Schwarz, Jan"]
[Result "1/2-1/2"]
[WhiteElo "2338"]
[BlackElo "2257"]
[PlyCount "163"]
[EventDate "2007.??.??"]
[EventType "corr"]
[SourceDate "2007.09.24"]

1. e4 c5 2. Nf3 e6 3. d4 cxd4 4. Nxd4 a6 5. Bd3 Bc5 6. Nb3 Be7 7. O-O d6 8. Qg4
g6 9. Qe2 Nd7 10. f4 Ngf6 11. a4 e5 12. Nc3 exf4 13. Bxf4 O-O 14. a5 Ne5 15.
Na4 Bg4 16. Qd2 Nfd7 17. Nc3 Rc8 18. Nd5 Be6 19. Nxe7+ Qxe7 20. Nd4 Nc5 21. b4
Ncxd3 22. cxd3 f6 23. Rae1 Rf7 24. Re3 Bd7 25. Qa2 Rc3 26. Rg3 Kh8 27. Qd2 Rc8
28. Qb2 h5 29. h3 h4 30. Re3 Rff8 31. Qd2 Qh7 32. Re2 g5 33. Bh2 Qe7 34. Ref2
Kg7 35. Kh1 Be6 36. b5 Bd7 37. Rb1 axb5 38. Rxb5 Rc7 39. Rb6 Ra8 40. Rb1 Rf8
41. Rff1 Ra8 42. Rf2 Rf8 43. Bg1 Rg8 44. Rbf1 Rf8 45. Nf5+ Bxf5 46. Rxf5 Rf7
47. Bd4 Rc8 48. Qa2 Re8 49. Bc3 Qc7 50. Bd4 Qe7 51. Ba1 Qe6 52. Qc2 Qc8 53. Qb3
Ree7 54. Qd1 Qc7 55. Qd2 Re8 56. Qf2 Ref8 57. Qd2 Re8 58. Bd4 Qc6 59. Qa2 Qd7
60. Qb3 Qe6 61. Qb2 Qd7 62. Bc3 Qc7 63. Qb3 Ree7 64. Qb2 Re8 65. Qd2 Rc8 66.
Rc1 Qd7 67. d4 Ng6 68. d5 Ne5 69. Kh2 Rc7 70. Rcf1 Rc4 71. Bd4 Qc7 72. Qd1 Rb4
73. Kh1 Qd8 74. Kh2 Qc7 75. Qd2 Rc4 76. Qe3 Rc2 77. Qa3 Qd8 78. a6 bxa6 79.
Qxa6 Qe7 80. Qa1 Qc7 81. Qa3 Qd8 82. Qa6 1/2-1/2

[Event "7MCRV_F"]
[Site "?"]
[Date "2007.??.??"]
[Round "?"]
[White "Kuchta, Jiri"]
[Black "Batka, Josef"]
[Result "1/2-1/2"]
[WhiteElo "2244"]
[BlackElo "2285"]
[PlyCount "70"]
[EventDate "2007.??.??"]
[EventType "corr"]
[SourceDate "2007.09.24"]

1. Nf3 Nf6 2. c4 e6 3. d4 d5 4. Nc3 Bb4 5. a3 Bxc3+ 6. bxc3 O-O 7. Bg5 Nbd7 8.
e3 c5 9. cxd5 exd5 10. c4 Re8 11. Qd2 Qc7 12. Bxf6 Nxf6 13. cxd5 Ne4 14. Qb2
Qa5+ 15. Nd2 cxd4 16. Qxd4 Bf5 17. g4 Bxg4 18. Rg1 Nxd2 19. Qxd2 Qxd2+ 20. Kxd2
Bf3 21. Bc4 Rad8 22. Rab1 Bxd5 23. Bxd5 Rxd5+ 24. Ke2 Re7 25. Rgd1 Rxd1 26.
Rxd1 f5 27. h4 Kf7 28. h5 Kf6 29. f4 Rc7 30. Kf3 b6 31. Rd8 h6 32. Rf8+ Ke6 33.
Re8+ Kf7 34. Rd8 g5 35. Rd6 g4+ 1/2-1/2

[Event "7MCRV_F"]
[Site "?"]
[Date "2007.??.??"]
[Round "?"]
[White "Kuchta, Jiri"]
[Black "Brousek, Jiri"]
[Result "0-1"]
[WhiteElo "2244"]
[BlackElo "2308"]
[PlyCount "97"]
[EventDate "2007.??.??"]
[EventType "corr"]
[SourceDate "2007.09.24"]

1. Nf3 e6 2. c4 d5 3. d4 Nf6 4. e3 Be7 5. cxd5 exd5 6. Bd3 O-O 7. O-O Re8 8.
Nc3 Bd6 9. Qc2 Bg4 10. Nb5 Nc6 11. a3 Bxf3 12. Nxd6 Qxd6 13. gxf3 Ne7 14. Kh1
Ng6 15. Rg1 Nh4 16. Be2 c6 17. Bd2 g6 18. a4 Qe6 19. a5 a6 20. Rae1 Rad8 21. b3
Qd6 22. Qd1 Re6 23. Bd3 Ree8 24. Bc3 h6 25. Rg3 Qe6 26. Bb4 Nf5 27. Rgg1 Kh7
28. Qc2 Nh4 29. Qe2 Kh8 30. Rc1 Nh5 31. Qd1 Rg8 32. Rc2 g5 33. Be2 f5 34. Bc5
Nf6 35. Qd2 Rg7 36. Qb4 f4 37. e4 Nxe4 38. Bd1 Nxc5 39. Qxc5 Qh3 40. Qc3 Re8
41. Re2 Rxe2 42. Bxe2 Re7 43. Qd3 Qe6 44. Bd1 Qe1 45. Rf1 Qxa5 46. Kg1 Qb4 47.
h3 Kg8 48. Qc2 Qxd4 49. Kh2 0-1

[Event "7MCRV_F"]
[Site "?"]
[Date "2007.??.??"]
[Round "?"]
[White "Kuchta, Jiri"]
[Black "Jirku, Jaroslav"]
[Result "0-1"]
[WhiteElo "2244"]
[BlackElo "2299"]
[PlyCount "134"]
[EventDate "2007.??.??"]
[EventType "corr"]
[SourceDate "2007.09.24"]

1. Nf3 Nf6 2. c4 e6 3. d4 d5 4. e3 Be7 5. cxd5 exd5 6. Bd3 O-O 7. O-O Re8 8.
Nc3 c6 9. Re1 Bg4 10. Qb3 Qb6 11. Qxb6 axb6 12. h3 Be6 13. Bd2 Na6 14. a3 h6
15. b4 b5 16. Ne5 Nc7 17. f4 Ra7 18. f5 Bd7 19. Ra2 Bd6 20. Bc2 Rea8 21. Rea1
Be8 22. Be1 Be7 23. Kf1 Bd6 24. g4 b6 25. Bh4 Be7 26. Ke2 Na6 27. Bxf6 Bxf6 28.
Nf3 g5 29. e4 dxe4 30. Bxe4 Rd8 31. Rd1 Bg7 32. Ke3 Kf8 33. Rdd2 Rad7 34. Rac2
Re7 35. Kf2 Nc7 36. Rd3 Rd6 37. Rc1 Na6 38. Rd2 Rd8 39. Kg3 Nc7 40. h4 gxh4+
41. Kxh4 Ra8 42. Ra1 Bd7 43. Ne5 Ra6 44. Nf3 c5 45. Raa2 Rxa3 46. Rxa3 cxb4 47.
Rb3 bxc3 48. Rxc3 Rxe4 49. Rxc7 Bxf5 50. Kg3 Bxg4 51. d5 h5 52. Rxf7+ Kxf7 53.
Ng5+ Kg6 54. Nxe4 b4 55. d6 Bd7 56. Rd3 Kf5 57. Nd2 Bf6 58. Rf3+ Ke6 59. Re3+
Kd5 60. Rd3+ Kc6 61. Nf3 Kc5 62. Kf2 h4 63. Ke3 h3 64. Ke4 Bc3 65. Nh2 Kb5 66.
Nf1 Ka4 67. Kf3 Be5 0-1

[Event "7MCRV_F"]
[Site "?"]
[Date "2007.??.??"]
[Round "?"]
[White "Kuchta, Jiri"]
[Black "Kostal, Jindrich"]
[Result "1/2-1/2"]
[WhiteElo "2244"]
[BlackElo "2338"]
[PlyCount "58"]
[EventDate "2007.??.??"]
[EventType "corr"]
[SourceDate "2007.09.24"]

1. Nf3 d5 2. d4 Nf6 3. e3 e6 4. c4 Be7 5. cxd5 exd5 6. Bd3 O-O 7. O-O c6 8. Qc2
Re8 9. b3 a5 10. Nc3 Bd6 11. Bb2 Nbd7 12. Rfe1 Nb6 13. a4 Bg4 14. Nd2 Nbd7 15.
e4 dxe4 16. Ncxe4 Bb4 17. Nxf6+ Nxf6 18. Rxe8+ Qxe8 19. Ne4 Nxe4 20. Bxe4 h6
21. d5 Rd8 22. h3 Bh5 23. g4 f5 24. Bxf5 Bf7 25. Bh7+ Kh8 26. Be4 cxd5 27. Bf5
Rd6 28. Bd4 Rc6 29. Qb2 Qf8 1/2-1/2